Normal view
MARC view
- Tanveer, Hira
Entry Personal Name
001 - CONTROL NUMBER
- control field: 125545
003 - CONTROL NUMBER IDENTIFIER
- control field: NUST
005 - DATE AND TIME OF LATEST TRANSACTION
- control field: 20240830122933.0
008 - FIXED-LENGTH DATA ELEMENTS
- fixed length control field: 240830|| aca||aabn | a|a d
040 ## - CATALOGING SOURCE
- Original cataloging agency: NUST
- Transcribing agency: NUST
100 ## - HEADING--PERSONAL NAME
- Personal name: Tanveer, Hira
670 ## - SOURCE DATA FOUND
- Source citation: Work cat.: (NUST): Tanveer, Hira, XAI in the Finance Sector: De-mystifying the Black-box AI/
